Devinez Le Brawler Grace Aux Skins - Statistiques

Statistiques générales
  • Ce quiz a été pris 207 fois
  • Le résultat moyen est 9 sur 12
Statistiques - réponses
Hint Réponse % Correct
Ange Déchu,Braqueur,Hors la lois Colt
95%
Tortionnaire,Justicière,Zombie Billie
87%
Truand,Mécha,A la plage Mortis
87%
Reine des glaces,Bulles de baston,De la VEGA Ambre
86%
Sultan,Corsé,PSG Dynamike
86%
Odin,Vénéneux,Exterminateur Cordelius
84%
Ange,Hermes,Street Max
79%
Grincheux,Wukong,Frenchie Mico
78%
Licorne,Tentaculaire,Imperatrice Bonnie
68%
Contrôleuse,Camisolée,Démone Colette
67%
Loki,Gardien lunaire,Silvestre Chester
62%
Citrouille,Poulpe,Le furieux Fang
61%
Aucun quiz correspondant
Distribution des résultats
% des personnes avec chaque résultat
Percentile par nombre de réponses
Votre historique - résultats
Vous n’avez pas pris ce quiz